000 00931nam a22003017a 4500
001 BR2014007195
003 BR-BrBNA
005 20230928104531.0
007 ta
008 230509b bl.||||| |||| 00| 0 por d
040 _aBR-BrBNA
_bpor
_cBiblioteca Nacional de Agricultura
041 _a(Por)
072 _aQ04
_b1190
090 _ 1190 BR2014007195
100 1 _aBezerra, T.S.
110 1 _aUniversidade Federal de Lavras, MG (Brasil)
_0Tese (Doutorado)
245 1 _aCaracterização física, química e morfológica de polpa de marolo liofilizada
260 3 _aLavras, MG (Brasil):
_c2013.
300 _a140 p.
500 _aSummaries (Eng, Por); Includes several bibliographies; 21 illus.; 32 tables
650 _aMAROLO
650 _aLIOFILIZACAO
650 _aMORFOLOGIA VEGETAL
650 _aHIGROSCOPIA
650 _aPROPRIEDADE FISICO-QUIMICA
909 _a202309
_bLucia
_c55
_dLucia Elande
942 _cBK
999 _c80444
_d80444